000
00349nam a2200145Ia 4500
008
090123s9999 xx 000 0 und d
082
_b
21605
245
_a
LIMCA BOOK OF RECORD 1990
250
_a
0
260
_b
BISLERI BEVERAGES
300
_a
176
630
_a
LIMCA BOOK OF RECORD 1990
730
_a
LIMCA BOOK OF RECORD 1990
942
_c
BOOK
999
_c
59677
_d
59677